China's food economy to the twenty first century: supply, demand, and trade (Record no. 44704)

000 -LEADER
fixed length control field 00502pab a2200181 454500
008 - FIXED-LENGTH DATA ELEMENTS--GENERAL INFORMATION
fixed length control field 180718b1999 xxu||||| |||| 00| 0 eng d
100 ## - MAIN ENTRY--PERSONAL NAME
Personal name Jikun Huang
245 ## - TITLE STATEMENT
Title China's food economy to the twenty first century: supply, demand, and trade
260 ## - PUBLICATION, DISTRIBUTION, ETC.
Date of publication, distribution, etc. 1999
300 ## - PHYSICAL DESCRIPTION
Extent p.737-66
362 ## - DATES OF PUBLICATION AND/OR SEQUENTIAL DESIGNATION
Dates of publication and/or sequential designation Jul
650 ## - SUBJECT ADDED ENTRY--TOPICAL TERM
Topical term or geographic name entry element Food supply - China
650 ## - SUBJECT ADDED ENTRY--TOPICAL TERM
Topical term or geographic name entry element Food supply
700 ## - ADDED ENTRY--PERSONAL NAME
Personal name Rosegrant, Mark W.
700 ## - ADDED ENTRY--PERSONAL NAME
Personal name Rozelle, Scott
773 ## - HOST ITEM ENTRY
Main entry heading Economic Development and Cultural Change
909 ## -
-- 44704
Holdings
Withdrawn status Lost status Damaged status Not for loan Permanent Location Current Location Date acquired Serial Enumeration / chronology Barcode Date last seen Price effective from Koha item type
        Indian Institute of Public Administration Indian Institute of Public Administration 2018-07-19 Volume no: 47, Issue no: 4 AR45116 2018-07-19 2018-07-19 Articles

Powered by Koha